Báo cáo tự đánh giá kiểm định chất lượng trường Đại học : Theo Quyết định số 38/2004/QĐ-BGD&ĐT ngày 01/12/2004 của Bộ trưởng Bộ Giáo dục và Đào tạo về việc ban hành Quy định tạm thời về kiểm định chất lượng trường đại học /
Na minha lista:
| Autor Corporativo: | |
|---|---|
| Formato: | Sách giấy |
| Idioma: | Vietnamese |
| Publicado em: |
Đà Lạt :
Trường Đại học Đà Lạt,
2005.
|
| Assuntos: | |
| Tags: |
Adicionar Tag
Sem tags, seja o primeiro a adicionar uma tag!
|
| Thư viện lưu trữ: | Thư viện Trường Đại học Đà Lạt |
|---|
| LEADER | 01015nam a2200289 4500 | ||
|---|---|---|---|
| 001 | DLU120134210 | ||
| 005 | ##20120423 | ||
| 040 | # | # | |a DLU |b vie |
| 041 | # | # | |a vie |
| 044 | # | # | |a vn |
| 082 | # | # | |a 378.107 |b TRU |
| 110 | # | # | |a Trường Đại học Đà Lạt. |
| 245 | # | # | |a Báo cáo tự đánh giá kiểm định chất lượng trường Đại học : |b Theo Quyết định số 38/2004/QĐ-BGD&ĐT ngày 01/12/2004 của Bộ trưởng Bộ Giáo dục và Đào tạo về việc ban hành Quy định tạm thời về kiểm định chất lượng trường đại học / |c Trường Đại học Đà Lạt. |
| 260 | # | # | |a Đà Lạt : |b Trường Đại học Đà Lạt, |c 2005. |
| 300 | # | # | |a 65 tr. ; |c 30 cm. |
| 650 | # | # | |a Giáo dục, Đại học |x Đánh giá. |
| 923 | # | # | |a 01/2012SP |
| 991 | # | # | |a SH |
| 992 | # | # | |a 0 |
| 994 | # | # | |a KSP |
| 900 | # | # | |a True |
| 911 | # | # | |a Nguyễn Thanh Hương |
| 925 | # | # | |a G |
| 926 | # | # | |a A |
| 927 | # | # | |a SH |
| 980 | # | # | |a Thư viện Trường Đại học Đà Lạt |